000 01216nam a2200313Ia 4500
001 ebr10696128
003 CaPaEBR
006 m u
007 cr cn|||||||||
008 080201s2007 enka s 000 0 eng d
010 _z 2008353578
020 _z1904380336 (pbk.)
020 _z9781904380337 (pbk.)
020 _z9781906534417
040 _aCaPaEBR
_cCaPaEBR
035 _a(OCoLC)815543068
050 1 4 _aHV6535.G4
_bW47 2007eb
100 1 _aWilson, David,
_d1957 Apr. 23-
245 1 0 _aSerial killers
_h[electronic resource] :
_bhunting Britons and their victims, 1960-2006 /
_cDavid Wilson.
260 _aWinchester :
_bWaterside,
_cc2007.
300 _a192 p. :
_bill.
533 _aElectronic reproduction.
_bPalo Alto, Calif. :
_cebrary,
_d2013.
_nAvailable via World Wide Web.
_nAccess may be limited to ebrary affiliated libraries.
650 0 _aSerial murder investigation
_zGreat Britain.
650 0 _aSerial murderers
_zGreat Britain.
650 0 _aMurder victims
_zGreat Britain.
655 7 _aElectronic books.
_2local
710 2 _aebrary, Inc.
856 4 0 _uhttp://site.ebrary.com/lib/rucke/Doc?id=10696128
_zAn electronic book accessible through the World Wide Web; click to view
999 _c8605
_d8605